| 000 | 00436nam a2200133Ia 4500 | ||
|---|---|---|---|
| 008 | 220616s9999||||xx |||||||||||||| ||und|| | ||
| 022 | _a18628893 | ||
| 100 | _aDreier, ThomasStuder, RudiWeinhardt, Christof [Hrsg.] | ||
| 245 | 0 | _aInformation Management and Market Engineering. [Vol. I] | |
| 546 | _aEnglish[eng] | ||
| 650 | _aMarket Engineering||Information Management | ||
| 856 | _uhttps://www.ksp.kit.edu/9783866440593 | ||
| 942 | _cEB | ||
| 999 |
_c20442 _d20442 |
||